000 00523nam a2200205Ia 4500
003 OSt
005 20260128111210.0
008 210210b1952 xxu||||| |||| 00| 0 eng d
040 _cAL
041 _aKannada
082 _a853/578
100 _aHemanta
_9162218
_dಹೇಮಂತ
245 _aTappida hejje:
_bತಪ್ಪಿದ ಹೆಜ್ಜೆ
260 _aDharavada
_b-
_c1952
650 _aTappida
_9162219
650 _ahejje
_9162220
690 _aKannada Drama
_9162221
906 _a019848
942 _2ddc
_cBK
999 _c143998
_d143998